00512nam a22001697a 450000500170000001000170001702000240003403500170005803700280007508200110010324500780011426000380019227000420023030000320027250000200030470000180032420110805150034.0 aB-430639-643 a8185026696c2500.00 aB-430639-643 bResearchco Book Centre  a954.16 aThe idea of Delhi /cedited by Romi Khosla with photographs by Nitin Rai  aMumbai bMarg Publications c2005 a24, Himi Mody Street,bMumbaie400001 a132p. c30cm (Hb) bphotos  aIncludes index  a Khosla, Romi